Vista normal Vista MARC

Entrada Personal Name

Número de registros utilizados en: 9

001 - CONTROL NUMBER

  • control field: 5368

003 - CONTROL NUMBER IDENTIFIER

  • control field: OSt

005 - DATE AND TIME OF LATEST TRANSACTION

  • control field: 20200610114734.0

008 - FIXED-LENGTH DATA ELEMENTS

  • fixed length control field: 200610|| aca||aabn | a|a d

040 ## - CATALOGING SOURCE

  • Original cataloging agency: OSt
  • Transcribing agency: OSt

100 ## - HEADING--PERSONAL NAME

  • Personal name: Kalmanovitz, Salomón,

670 ## - SOURCE DATA FOUND

  • Source citation: Work cat.: (OSt)5461: Kalmanovitz, Salomón, autor, El desarrollo tardío del capitalismo : , 1983